000 00519nam a2200181Ia 4500
003 OSt
005 20240918135518.0
008 220927b |||||||| |||| 00| 0 eng d
040 _aSDCL
_cSDCL
_beng
041 _2eng
_aHindi
082 _aRxM721w L2
100 _aSingh, Shiv Prasad
245 0 _aUttar yogi:
_bSri Arvind jeevan or darshan/
260 _c1972.
_aAllahbad:
_bLok Bharti Prakasan,
300 _a473p.
942 _hRxM721w L2
_cTEXL
_2CC
999 _c825282
_d825282